000 00896cam a2200313 i 4500
001 0000858
003 DO-SdBPM
005 20250307123418.0
007 0000858
008 100514s 20uu sp a | |||| 000 f spa
015 _a
017 _a
_b
020 _a8475610730
035 _a
040 _aDO-SdBPM
_bspa
_cBPMSU
_e
080 _a
082 4 _a863
_bS685f
_222
100 1 _aSoler, María Cristina
245 0 3 _aEl flautista de Hamelín /
_cversión de Ma. Cristina Soler ; dibujos Garmendia
_h
260 _aMadrid, España :
_bEdunisa,
_c[200-?]
300 _aVarias paginaciones :
_bilustraciones ;
_c15 cm.
490 _a
590 _aInventariado, 2025/VM
650 4 _aCuentos infantiles españoles
650 4 _aLibros infantiles ilustrados
700 1 _aGarmendia
_eilustraciones
910 _aVMateo V. Control de caldiad. BPMSU
942 _2ddc
_cBK
999 _c12469
_d12469